Quiz o Czempiniu - Statystyki

Ogólne statystyki
  • Ten quiz został rozwiązany 7 razy
  • Średni wynik to 3 z 11
Statystyki odpowiedzi
Wskazówka Odpowiedź % Poprawnych
Kod pocztowy 64-020
75%
Tablice rejestracyjne PKS
75%
Z jakiego stylu jest Pałac w Czempiniu? Barok
50%
Burmistrz miasta Konrad Malicki
50%
Hasło promocyjne Czempinia Czempiń {Łączy}
25%
Rzeka w Czempiniu Olszynka
25%
Rok nadania praw miejskich 1399
0%
Syn Teofili Działyńskiej, zmarł w Czempiniu Feliks Szołdrski
0%
Historyczna polska nazwa Piechnino
0%
Wschodnia część miasta Stare Borówko
0%
Trzy przedmioty na fladze Czempinia Strzały
0%
Nie znaleziono quizów pasujących do podanych kryteriów
Rozkład punktacji
Procent ludzi z każdym wynikiem
Percentyl według liczby udzielonych odpowiedzi
Twoja historia wyników
Nie rozwiązałeś tego quizu